00349pab a2200145 454500008004000000100002000040245003200060260000900092300001300101362001000114650001400124650001800138650001300156773003400169180718b2017 xxu||||| |||| 00| 0 eng d aKasturi, Kannan aPrivatisation is not reform c2017 ap.18-22. a8 Jul aAir India aPrivatization aAviation aEconomic and Political Weekly